[Event "Robecchetto Primavera op 12th"]
[Site "Robecchetto"]
[Date "2015.04.23"]
[Round "4"]
[White "Giusti, Francesco"]
[Black "Puricelli, Roberto"]
[Result "0-1"]
[WhiteElo "1574"]
[BlackElo "1521"]
[PlyCount "50"]
[EventDate "2015.04.02"]
[EventType "swiss"]
[EventRounds "7"]
[EventCountry "ITA"]
[SourceTitle "EXT 2017"]
[Source "ChessBase"]
[SourceDate "2016.10.25"]
[SourceVersion "1"]
[SourceVersionDate "2016.10.25"]
[SourceQuality "1"]

1. e4 e6 2. d4 d5 3. e5 c5 4. c3 Nc6 5. Bb5 Bd7 6. Bxc6 Bxc6 7. Nf3 Bb5 8. Na3 Qd7 9. Be3 cxd4 10. Nxd4 Bxa3 11. bxa3 Bc4 12. Ne2 Qb5 13. Nd4 Qa6 14. a4 Ne7 15. f4 Rc8 16. Qc2 Bd3 17. Qd2 0-0 18. a5 Nc6 19. Nxc6 Rxc6 20. Bxa7 Qxa7 21. Qxd3 Qxa5 22. 0-0 Rxc3 23. Qd2 Rfc8 24. Rac1 Qc5+ 25. Kh1 Rxc1 0-1

[Event "Robecchetto Autunn op 11th"]
[Site "Robecchetto"]
[Date "2014.10.30"]
[Round "4"]
[White "Giusti, Francesco"]
[Black "Puricelli, Roberto"]
[Result "1/2-1/2"]
[WhiteElo "1559"]
[BlackElo "1513"]
[PlyCount "150"]
[EventDate "2014.10.09"]
[EventType "swiss"]
[EventRounds "7"]
[EventCountry "ITA"]
[SourceTitle "EXT 2016"]
[Source "ChessBase"]
[SourceDate "2015.10.08"]
[SourceVersion "1"]
[SourceVersionDate "2015.10.08"]
[SourceQuality "1"]

1. e4 c5 2. Nf3 Nc6 3. Bc4 e6 4. d4 cxd4 5. Nxd4 Qb6 6. Nxc6 Qxc6 7. Qd3 Bb4+ 8. c3 Be7 9. 0-0 Nf6 10. Re1 0-0 11. Bg5 Re8 12. Bxf6 Bxf6 13. e5 Be7 14. Re3 a6 15. Rh3 g6 16. Bb3 b5 17. Bd1 Bb7 18. Bf3 Qc7 19. Bxb7 Qxb7 20. Qe3 Bf8 21. Nd2 Bg7 22. Nf3 Rad8 23. Rd1 Qb8 24. Rd6 Qc8 25. Rh4 Rf8 26. Rhd4 f6 27. exf6 Bxf6 28. Rg4 Be7 29. Rdd4 Bc5 30. Qh6 Bxd4 31. Nxd4 Rf7 32. h4 e5 33. Nf3 d6 34. Rg3 Qf5 35. h5 Rg7 36. Nh4 Qf4 37. Qxf4 exf4 38. Rg4 Rf8 39. hxg6 hxg6 40. Rxg6 Rxg6 41. Nxg6 Rf6 42. Ne7+ Kf7 43. Nd5 Rf5 44. Nb4 a5 45. Nc6 b4 46. cxb4 axb4 47. Nxb4 f3 48. Nc2 fxg2 49. Kxg2 Rc5 50. Ne3 d5 51. b4 Rb5 52. a3 d4 53. Nc4 Rd5 54. Kf3 Kf6 55. Ke4 Rd8 56. Kd3 Kf5 57. b5 Ke6 58. a4 Kd5 59. a5 Rf8 60. Nb6+ Kd6 61. Kxd4 Rf4+ 62. Ke3 Rb4 63. Nc8+ Kc7 64. Na7 Kb7 65. b6 Ra4 66. Nb5 Rxa5 67. Nd6+ Kc6 68. b7 Kc7 69. Ke4 Ra4+ 70. Ke5 Ra5+ 71. Ke6 Ra4 72. Ke5 Ra5+ 73. Ke4 Ra4+ 74. Ke5 Ra5+ 75. Ke6 Ra4 1/2-1/2

[Event "Omegna op-B 2nd"]
[Site "Omegna"]
[Date "2014.08.10"]
[Round "5"]
[White "Giusti, Francesco"]
[Black "Guensberg, Alexander"]
[Result "0-1"]
[WhiteElo "1584"]
[BlackElo "1754"]
[PlyCount "42"]
[EventDate "2014.08.08"]
[EventType "swiss"]
[EventRounds "5"]
[EventCountry "ITA"]
[SourceTitle "EXT 2015"]
[Source "ChessBase"]
[SourceDate "2014.11.20"]
[SourceVersion "1"]
[SourceVersionDate "2014.11.20"]
[SourceQuality "1"]

1. e4 e5 2. Nf3 Nf6 3. Nc3 Nc6 4. Bc4 Bc5 5. Na4 Bxf2+ 6. Kxf2 Nxe4+ 7. Kg1 d5 8. Be2 0-0 9. d3 Nd6 10. b3 e4 11. dxe4 dxe4 12. Nd4 Ne5 13. Ba3 Qf6 14. Qf1 Qg5 15. Bxd6 cxd6 16. Nc3 Qe3+ 17. Qf2 Qxc3 18. Rf1 Bg4 19. Re1 Bxe2 20. Nxe2 Qxc2 21. Qd4 Nd3 0-1

[Event "Robecchetto Spring op 10th"]
[Site "Robecchetto"]
[Date "2013.04.04"]
[Round "1"]
[White "Pogliano, Stefano"]
[Black "Giusti, Francesco"]
[Result "1-0"]
[WhiteElo "1988"]
[BlackElo "1559"]
[PlyCount "119"]
[EventDate "2013.04.04"]
[EventType "swiss"]
[EventRounds "7"]
[EventCountry "ITA"]
[SourceTitle "EXT 2024"]
[Source "ChessBase"]
[SourceDate "2023.10.10"]
[SourceVersion "1"]
[SourceVersionDate "2023.10.10"]
[SourceQuality "1"]

1. e4 e5 2. Nf3 Nc6 3. Bb5 Nge7 4. d4 exd4 5. Nxd4 Nxd4 6. Qxd4 a6 7. Ba4 b5 8. Bb3 d6 9. c3 c5 10. Qe3 c4 11. Bc2 Ng6 12. 0-0 Be7 13. Nd2 0-0 14. Nf3 h6 15. Rd1 Bg4 16. h3 Bg5 17. Qe2 Bxf3 18. Qxf3 Ne5 19. Qe2 Bxc1 20. Raxc1 f6 21. Rd5 Rc8 22. Rcd1 Rc6 23. f4 Nf7 24. e5 Re8 25. e6 Nh8 26. Qe4 g6 27. Rxb5 d5 28. Rbxd5 Qb6+ 29. Kh2 Rcxe6 30. Qxc4 Kg7 31. Rd7+ Nf7 32. f5 Qb8+ 33. Kg1 Qb6+ 34. Kf1 R6e7 35. Rxe7 Rxe7 36. fxg6 Ne5 37. Qb4 Qc7 38. Qd6 Qc4+ 39. Bd3 Qf4+ 40. Ke2 Nxg6+ 41. Qxe7+ Nxe7 42. Bxa6 Nf5 43. Rd7+ Kg6 44. Bd3 Qe5+ 45. Kd2 Kh5 46. g4+ Kh4 47. Bxf5 Qh2+ 48. Kc1 Qxh3 49. a4 Qf1+ 50. Kc2 Qf2+ 51. Rd2 Qf4 52. b4 h5 53. Rd4 Qe5 54. b5 Qe2+ 55. Kb3 Kg5 56. Rd5 Qe3 57. gxh5 Kxh5 58. a5 Qa7 59. b6 Qb7 60. Be4+ 1-0